000 002950000a22000970004500
100 1 _aDe Vries, Simon J.
245 1 0 _aThe three comparisons in Kings 22:4b and its parallel and 2 Kings 3:7b
300 _aVol. 39, Num. 3 (Julio, 1989), Páginas 283-306
773 0 _tVetus Testamentum
942 _cANA
999 _c57518
_d57518